| 000 | 01468nam a2200361 a 4500 | ||
|---|---|---|---|
| 001 | ebr10591345 | ||
| 003 | CaPaEBR | ||
| 006 | m u | ||
| 007 | cr cn||||||||| | ||
| 008 | 121212s1986 gw sb 001 0dlat d | ||
| 020 | _z9783598712005 | ||
| 020 | _z9783110957631 (e-book) | ||
| 040 |
_aCaPaEBR _cCaPaEBR |
||
| 035 | _a(OCoLC)823746298 | ||
| 050 | 1 | 4 |
_aPA6280.A1 _bC53 1986eb |
| 100 | 1 | _aCicero, Marcus Tullius. | |
| 240 | 1 | 0 | _aPhilippicae |
| 245 | 1 | 0 |
_aIn M. Antonium orationes Philippicae XIV _h[electronic resource] / _cedidit Paulus Fedeli. |
| 250 | _a2. Aufl. | ||
| 260 |
_aLeipzig : _bB.G. Teubner, _c1986. |
||
| 300 | _axxvii, 193 p. | ||
| 440 | 0 |
_aBibliotheca scriptorum Graecorum et Romanorum Teubneriana, _x0233-1168 |
|
| 490 | 0 |
_aM. Tulli Ciceronis Scripta quae manserunt omnia ; _vfasc. 28 |
|
| 504 | _aIncludes bibliographical references and index. | ||
| 533 |
_aElectronic reproduction. _bPalo Alto, Calif. : _cebrary, _d2011. _nAvailable via World Wide Web. _nAccess may be limited to ebrary affiliated libraries. |
||
| 600 | 1 | 0 |
_aAntonius, Marcus, _d83?-30 B.C. _vEarly works to 1800. |
| 650 | 0 | _aSpeeches, addresses, etc., Latin. | |
| 655 | 7 |
_aElectronic books. _2local |
|
| 700 | 1 | _aFedeli, Paolo. | |
| 710 | 2 | _aebrary, Inc. | |
| 800 | 1 |
_aCicero, Marcus Tullius. _tWorks ; _vfasc. 28. |
|
| 856 | 4 | 0 |
_uhttp://site.ebrary.com/lib/rucke/Doc?id=10591345 _zAn electronic book accessible through the World Wide Web; click to view |
| 999 |
_c210078 _d210078 |
||